000 00822nas a2200265 4500
001 BR8206807
003 BR-BrBNA
005 20231205085338.0
007 ta
008 230509b bl.|||p| |||| 00| 00por d
040 _aBR-BrBNA
_bpor
_cBiblioteca Nacional de Agricultura
041 _a(Pt)
072 _aH10
100 1 _aGuedes, A.C.
100 1 _aPagliarin, R.C.
100 1 _aLink, D.
245 1 _aAvaliacao de inseticidas para o controle de tripes (Thrips tabaci Lindeman)na cultura do alho (Allium sativum L.)
650 _aINSETICIDA
650 _aTRIPS
650 _aALHO
650 _aCONTROLE QUIMICO
773 0 _tRevista do Centro de Ciencias Rurais (Brazil)
_xISSN 0085-5901
_g(Oct-Dec 1982), v. 12(4) p. 261-269
_wBR8206807
909 _a202311
_bLúcia
_c55
_dLúcia Elande
942 _2AGRIS
_n0
_cANA
999 _c110883
_d110883